_ecotourism impacts,potentials and possibilities (Record no. 5361)
[ view plain ]
| 000 -LEADER | |
|---|---|
| fixed length control field | 00472nam a2200169Ia 4500 |
| 008 - FIXED-LENGTH DATA ELEMENTS--GENERAL INFORMATION | |
| fixed length control field | 151021s9999 xx 000 0 und d |
| 020 ## - INTERNATIONAL STANDARD BOOK NUMBER | |
| International Standard Book Number | 9.780750625e+011 |
| 050 ## - LIBRARY OF CONGRESS CALL NUMBER | |
| Classification number | G 156.5.E26W42009 |
| 245 ## - TITLE STATEMENT | |
| Title | _ecotourism impacts,potentials and possibilities |
| 250 ## - EDITION STATEMENT | |
| Edition statement | 2nd ed. |
| 260 ## - PUBLICATION, DISTRIBUTION, ETC. (IMPRINT) | |
| Place of publication, distribution, etc. | UK Elsevier 2009 |
| 300 ## - PHYSICAL DESCRIPTION | |
| Extent | xi,283p.ill 2cm |
| 500 ## - GENERAL NOTE | |
| General note | includes index |
| 650 ## - SUBJECT ADDED ENTRY--TOPICAL TERM | |
| Topical term or geographic name as entry element | _tourism development |
| 700 ## - ADDED ENTRY--PERSONAL NAME | |
| Personal name | _John Neil |
| 980 ## - EQUIVALENCE OR CROSS-REFERENCE-SERIES STATEMENT--PERSONAL NAME/TITLE [LOCAL, CANADA] | |
| Personal name | ^d20101126 11:47:54^oanne |
No items available.